000
00309nam a2200109Ia 4500
008
180315s9999 xx 000 0 und d
020
_a
9789351118992
100
_a
Benjamin, A. Edward William
245
_a
Teaching through e-learning
260
_a
India :
_b
2016
_c
Random Publications
300
_a
xx, 339 pages
999
_c
356333
_d
356333